00491nam a2200145Ia 4500008004100000041000800041082001200049100002100061245004500082260003900127300003300166365001100199999001500210952012000225240624s9999 xx 000 0 und d aeng a020 KOG aKOGANURAMATH M M aLIBRARY AND INFORMATION SCIENCE PROFESSI c2008aNew DelhibAllied Publishers axviii, : 398 : p. : cm. ; 27 cRSb32 c9158d9158 00104070aIMTNbIMTNcRack 2-Bd2008-06-08eAPg1200.00l0o020 KOGp9158r2024-06-24 00:00:00t1w2024-06-24yBK